Countries with 300 km/h High Speed Rail - Statistics

General Stats
  • This quiz has been taken 33 times
  • The average score is 13 of 15
Answer Stats
Max Speed (km/h) Country % Correct
350 China
100%
300 Germany
100%
300 Italy
100%
320 Japan
100%
320 France
97%
305 South Korea
97%
300 Spain
97%
300 United Kingdom
97%
300 Taiwan
93%
300 Belgium
90%
300 Netherlands
90%
350 Indonesia
77%
300 Saudi Arabia
77%
300 Turkey
70%
320 Morocco
33%
No matching quizzes found
Score Distribution
Percent of People with Each Score
Percentile by Number Answered
Your Score History
You have not taken this quiz